| 000 | 00764nac a22002411u 4500 | ||
|---|---|---|---|
| 003 | EG-ScBUE | ||
| 005 | 20221109040158.0 | ||
| 008 | 221109t1984 nyua f b 001 0 eng d | ||
| 020 | _a0442281498 | ||
| 040 |
_aEG-ScBUE _beng _erda _cEG-ScBUE _dEG-ScBUE |
||
| 043 | _ae------- | ||
| 082 | 0 | 4 |
_a720.94 _bSAC _222 |
| 100 | 1 |
_aSachar, Brian, _eauthor. |
|
| 245 | 1 | 0 |
_aAtlas of European architecture / _cBrian Sachar. |
| 264 | 1 |
_aNew York : _bVan Nostrand Reinhold Company Inc., _c[1984] |
|
| 264 | 4 | _cc1984 | |
| 300 |
_aix, 369 pages : _billustrations ; _c29 cm |
||
| 504 | _aIncludes bibliographical references and index. | ||
| 650 | 7 |
_aArchitecture _zEurope. _2BUEsh _936000 |
|
| 653 | _bENGARC | ||
| 655 |
_vReading book _934232 |
||
| 942 |
_cBB _2ddc |
||
| 999 |
_c9909 _d9909 |
||